Tòa án Việt Nam trong bối cảnh xây dựng nhà nước pháp quyền
Nội dung chính của sách bao gồm: nhà nước pháp quyền, tư pháp trong nhà nước pháp quyền và các yêu cầu của tư pháp trong nhà nước pháp quyền, hệ thống tòa án Việt Nam: lịch sử và hiện tại, hệ thống tòa án Việt Nam theo yêu cầu xây dự...
Αποθηκεύτηκε σε:
| Κύριος συγγραφέας: | |
|---|---|
| Άλλοι συγγραφείς: | , , |
| Μορφή: | Βιβλίο |
| Γλώσσα: | Vietnamese |
| Έκδοση: |
H.
Đại học Quốc gia Hà Nội
2012
|
| Θέματα: | |
| Ετικέτες: |
Προσθήκη ετικέτας
Δεν υπάρχουν, Καταχωρήστε ετικέτα πρώτοι!
|
| Thư viện lưu trữ: | Thư viện Trường Đại học Nam Cần Thơ |
|---|
| LEADER | 02096nam a22002897a 4500 | ||
|---|---|---|---|
| 001 | NCT_67066 | ||
| 008 | 190820b xxu||||| |||| 00| 0 vie d | ||
| 999 | |c 3239 |d 3239 | ||
| 020 | |a 9786046205753 |c 58000 | ||
| 082 | 0 | 4 | |2 23rd ed. |a 347.597 |b D513 |
| 100 | 1 | |a Nguyễn Đăng Dung |e Chủ biên | |
| 245 | 1 | 0 | |a Tòa án Việt Nam trong bối cảnh xây dựng nhà nước pháp quyền |c Nguyễn Đăng Dung (chủ biên) |
| 260 | |a H. |b Đại học Quốc gia Hà Nội |c 2012 | ||
| 300 | |a 382 tr. |c 21cm | ||
| 500 | |a ĐTTS ghi: Đại học Quốc gia Hà Nội. Khoa Luật | ||
| 520 | 3 | |a Nội dung chính của sách bao gồm: nhà nước pháp quyền, tư pháp trong nhà nước pháp quyền và các yêu cầu của tư pháp trong nhà nước pháp quyền, hệ thống tòa án Việt Nam: lịch sử và hiện tại, hệ thống tòa án Việt Nam theo yêu cầu xây dựng nhà nước pháp quyền xã hội chủ nghĩa. | |
| 653 | |a Luật học | ||
| 700 | 1 | |a Đào Trí Úc | |
| 700 | 1 | |a Phạm Hồng Thái | |
| 700 | 1 | |a Nguyễn Ngọc Chí | |
| 942 | |2 ddc |c BK | ||
| 952 | |0 0 |1 0 |2 ddc |4 0 |6 347_597000000000000_D513 |7 0 |9 17467 |a 000001 |b 000001 |d 2019-08-20 |o 347.597 D513 |p MD.15480 |r 2019-08-20 |v 58000.00 |w 2019-08-20 |y BK | ||
| 952 | |0 0 |1 0 |2 ddc |4 0 |6 347_597000000000000_D513 |7 0 |9 17468 |a 000001 |b 000001 |d 2019-08-20 |l 2 |o 347.597 D513 |p MD.15481 |r 2020-06-17 |s 2020-06-02 |v 58000.00 |w 2019-08-20 |y BK | ||
| 952 | |0 0 |1 0 |2 ddc |4 0 |6 347_597000000000000_D513 |7 0 |9 17469 |a 000001 |b 000001 |d 2019-08-20 |l 1 |o 347.597 D513 |p MD.15482 |r 2021-04-27 |s 2021-04-13 |v 58000.00 |w 2019-08-20 |y BK | ||
| 952 | |0 0 |1 0 |2 ddc |4 0 |6 347_597000000000000_D513 |7 0 |9 17470 |a 000001 |b 000001 |d 2019-08-20 |l 1 |o 347.597 D513 |p MD.15483 |r 2019-11-27 |s 2019-11-13 |v 58000.00 |w 2019-08-20 |y BK | ||
| 952 | |0 0 |1 0 |2 ddc |4 0 |6 347_597000000000000_D513 |7 0 |9 17471 |a 000001 |b 000001 |d 2019-08-20 |o 347.597 D513 |p MD.15484 |r 2019-08-20 |v 58000.00 |w 2019-08-20 |y BK | ||
| 980 | |a Thư viện Trường Đại học Nam Cần Thơ | ||


